00341nam a2200109Ia 4500008004100000020000600041100003100047245001900078999001900097942001600116952009900132211105s9999 xx 000 0 und d a" aBakkes, Margaret 9108697 0aBrood en klip  c586399d586398 yzCRON CRON 00104070aERMELLbERMELLd2021-11-08g3.25l0oAF BAKp3322830153947r2021-11-08w2021-11-08